LEADER 01049nam a2200205 i 4500 001 000000195639 003 CaOOAMICUS 005 20110111000000.0 008 110111s1583 xx u000 u lat u 013 $a174317 040 $aSeMil$bita 245 10$aIn Marci Tullii Ciceronis De Philisophia volumen primum et secundum commentariorum. 260 $aVenezia :$bapud Aldum,$c1583. 300 $a21,5 x 32 ;$cvol. 1 con due tomi ;$cpp. I, 340 ;$cII, 356 ;$cgr. e rom. 500 $aDescrizione da : Incunaboli e Cinquecentine della Biblioteca del Seminario di Milano / catalogo a cura di Ubaldo Valentini, Milano 1981. - Numero di catalogo : 1064. 700 1 $aManuzio, Aldo,$c.$0(OLS)http://semarc/name/70983 850 $aSeMil 852 $aSeMil$W1$xVenegono$y1$mFV.C I 39 ^$j146208$B146208$CSeMilBibl$Z2$F157687 $86 996 $6245$aIn Marci Tullii Ciceronis De Philisophia volumen primum et secundum commentariorum$9(OLS)http://semarc/title/282326 996 $6260$aVenezia :$bapud Aldum$9(OLS)http://semarc/publisher/44567 LEADER 01293nam a2200229 i 4500 001 000000202194 003 CaOOAMICUS 005 20160909000000.0 008 160909s1822 it u000 u ita u 013 $a180901 026 $asii- e.na 2.3. ladi (3) 1822 (A) 040 $aSeMil$bita 245 10$aOsservazioni teoretiche di Stefano Arcellazzi al codice penale universale austriaco. Parte prima. Sezione prima. Dei delitti e delle pene, coll'applicazione delle leggi romane ed indicazione delle notificazioni e delle circolari al medesimo relative. 260 $aCalsalmaggiore :$bPe' Fratelli Bizzarri,$c1822. 300 $a[8], 629, [3] p. ;$c8º. 700 1 $aArcellazzi, Stefano,$d<1768-1835>.$0(OLS)http://semarc/name/73079 850 $aSeMil 852 $aSeMil$W1$xVenegono$y1$m3L IV 65 FA$j152717$B152717$CSeMilBibl$Z2$F213525 $8I 941 1 $a10 961 $aRecupero: Mantegazza 996 $6245$aOsservazioni teoretiche di Stefano Arcellazzi al codice penale universale austriaco. Parte prima. Sezione prima. Dei delitti e delle pene, coll'applicazione delle leggi romane ed indicazione delle notificazioni e delle circolari al medesimo relative$9(OLS)http://semarc/title/292677 996 $6260$aCalsalmaggiore :$bPe' Fratelli Bizzarri$9(OLS)http://semarc/publisher/51699